Quizzes
Events
Quiz Creation
Community
Videos
Private Events
Remove Ads
Sign In
Join for FREE
Feedback
Dark Mode
Quiz Categories
Sports
Geography
Music
Movies
Television
Just For Fun
Miscellaneous
History
Literature
Language
Science
Gaming
Entertainment
Religion
Holiday
For Kids
Quiz Lab
Recent
Popular Today
Quiz Kudos Today
Editor Picks
Curator Picks
Quizzes by...
Day
Popularity
Type
Ratings
Length
Year
Community
Subscriptions
Recent Discussions
Orange Saloon
Badges
Playlists
Quests
Create
Leaderboards
Showdown
Live 5
Trivia Bingo
Activity
Puzzle Library
Sporcle Events
Private Events
Virtual Trivia
Globe League
Become a Host
Pub Owners
SporcleCon
Opinionation
Our Games
Videos
Blog
Mobile Apps
Partnerships
Remove Ads and Go Orange
Feedback
Television
TV Characters
TV Show
Sitcom
Network
Friends
Reality Shows
Cast
South Park
Star Trek
The Simpsons
Doctor Who
Television
TV Characters
TV Show
Sitcom
Network
Friends
Reality Shows
Cast
South Park
Star Trek
The Simpsons
Doctor Who
Random Quiz
Search Sporcle
×
Quiz Lab
Quiz Lab
Television
episode
Type in answers that appear in a list
Type in answers that appear in a list
Classic
Best Score? Go Orange.
Episodes of the O.C. Stats
Can you name the Episodes of the O.C.?
By
evdogg87
12m
92 Questions
239 Plays
239 Plays
239 Plays
Comments
Comments
Give Quiz Kudos
Give Quiz Kudos
-
- Ratings
hide this ad
Replay
Link that replays current quiz
Next Quiz
Link to next quiz in quiz playlist
You Got
0%
They Got
Avg Score
52%
Avg Friend Score
Upgrade to see
Score Distribution
Jump to the score distribution portion of the page
Score
0/92
Timer
12:00
0
Plays Today
Season
Episode
% Correct
Season 1
Pilot
92.9%
Season 1
The Model Home
82.4%
Season 1
The Debut
72.4%
Season 4
The End's Not Near, It's Here
70.7%
Season 1
The Escape
70.3%
Season 1
The L.A.
70.3%
Season 2
The SnO.C.
69.9%
Season 1
The Best Chrismukkah Ever
69.5%
Season 1
The Gamble
69%
Season 1
The Nana
68.6%
Season 2
The Rainy Day Women
67.4%
Season 3
The Graduates
66.9%
Season 1
The Outsider
66.5%
Season 1
The Girlfriend
66.5%
Season 1
The Rescue
66.1%
Season 1
The Ties That Bind
65.7%
Season 1
The Heights
64.9%
Season 1
The Strip
63.2%
Season 1
The Secret
62.8%
Season 2
The Mallpisode
62.8%
Season 2
The Way We Were
62.3%
Season 1
The Telenovela
61.5%
Season 1
The Links
61.1%
Season 1
The Perfect Couple
60.7%
Season 1
The Countdown
60.7%
Season 1
The Goodbye Girl
60.3%
Season 1
The Homecoming
59.4%
Season 2
The Chrismukkah That Almost Wasn't
59.4%
Season 4
The Avengers
59.4%
Season 2
The Brothers Grim
59%
Season 2
The O.Sea
59%
Season
Episode
% Correct
Season 3
The Aftermath
58.6%
Season 1
The Proposal
57.7%
Season 2
The Dearly Beloved
57.3%
Season 2
The Risky Business
56.9%
Season 4
The Gringos
56.9%
Season 1
The Rivals
56.1%
Season 2
The Return of the Nana
56.1%
Season 1
The Truth
55.6%
Season 4
The Chrismukk-huh?
55.6%
Season 1
The Shower
54%
Season 2
The Distance
54%
Season 3
The Cliffhanger
54%
Season 1
The Heartbreak
53.1%
Season 3
The Sister Act
53.1%
Season 3
The College Try
53.1%
Season 2
The New Kids on the Block
52.7%
Season 4
The Summer Bummer
52.3%
Season 2
The New Era
51.9%
Season 2
The O.C. Confidential
51.9%
Season 2
The Rager
51.5%
Season 3
The Pot Stirrer
51.5%
Season 4
The Night Moves
51.5%
Season 4
The Shake Up
51.5%
Season 1
The Third Wheel
51%
Season 4
The Earth Girls are Easy
50.6%
Season 4
The Case of the Franks
50.2%
Season 4
The Cold Turkey
49.8%
Season 3
The Man of the Year
49.4%
Season 4
The French Connection
49.4%
Season 2
The Ex-Factor
48.1%
Season 2
The Blaze of Glory
48.1%
Season
Episode
% Correct
Season 4
The My Two Dads
47.3%
Season 3
The Journey
44.8%
Season 2
The Lonely Hearts Club
43.5%
Season 3
The Dawn Patrol
43.5%
Season 3
The Party Favor
43.5%
Season 4
The Metamorphosis
43.5%
Season 4
The Groundhog Day
43.5%
Season 3
The Swells
43.1%
Season 3
The Shape of Things to Come
42.3%
Season 4
The Sleeping Beauty
42.3%
Season 3
The Disconnect
41.8%
Season 3
The Chrismukkah Bar Mitz-vahkkah
41.8%
Season 2
The Family Ties
41%
Season 2
The Test
41%
Season 3
The Last Waltz
41%
Season 3
The Safe Harbor
41%
Season 3
The Undertow
41%
Season 3
The Anger Management
40.6%
Season 3
The End of Innocence
40.2%
Season 3
The Road Warrior
39.3%
Season 4
The Dream Lover
38.9%
Season 2
The Accomplice
38.5%
Season 3
The Secrets and Lies
38.1%
Season 2
The Power of Love
35.6%
Season 3
The Heavy Lifting
33.1%
Season 2
The Showdown
31%
Season 2
The Second Chance
30.5%
Season 3
The Game Plan
28.9%
Season 3
The Day After Tomorrow
26.8%
Season 3
The Perfect Storm
26.4%
Quiz Playlist
Details
Report
Send in Message
Add To Playlist
Classic:
Type in answers that appear in a list
Last Updated: Feb 16, 2017
Quiz Scoreboard
CHALLENGE
Sign Up to Join the Scoreboard
Show All
Scores
Hide
Comments
May contain spoilers
Recently Published
College Basketball Coaching Resumes
by pancakes188
Sports
9m
Billboard Blitz: Fleetwood Mac
by CooCooCachoo
Music
15s
Presidents Visiting Landmarks
by Hejman
History
7m
More to Explore
Quiz From the Vault
Featured Blog Post
Where Did the Easter Bunny Come From?
hide this ad
You Might Also Like...
Tags
episode
season
Today's Top Quizzes in Television
Browse Television
hide this ad
Today's Top Quizzes in episode
Browse episode
Top Contributed Quizzes in Television
1
5-to-1: The Simpsons Families
2
5-to-1: Television Doctors
3
7-to-1: TV Show Settings
4
5-to-1: Streaming Originals
5
One Piece Logic Puzzle
6
Survivor Seasons
7
Survivor Logic Puzzle: Heroes vs. Villains
8
All US Survivor Seasons in Order
9
TV Shows by First Names
10
Survivor Season by Logo
Explore More
Trending Topics
Disney
Kpop
Marvel
Crossword
NBA
Anime
Harry Potter
Soccer
Country
Song
NFL
The Office
Puzzle
Pokémon
WWE
hide this ad
More By:
evdogg87
Quiz
Plays
Rating
Category
Featured
Created
Dawson's Creek Characters
1,672
4.00
Television
Dec 22, 2009
Oldest and Youngest Survivor from Each Season
708
3.67
Television
Mar 30, 2011
10 to 1: Love Island UK
421
5.00
Television
Dec 22, 2022
Flavor of Love Nicknames
369
4.00
Television
Oct 16, 2009
Episodes of the O.C.
239
5.00
Television
Oct 15, 2009
Go to Creator's Profile
Score Distribution
Quiz Creator Spotlight
evdogg87
Follow
Send a Message
Quizzes Created
-
Created Quiz Play Count
-
More By This Creator
Popular Quizzes Today
1
Find the US States - No Outlines Minefield
2
Find the Countries of Europe - No Outlines Minefield
3
The Countries of the World
4
Find the US States
5
Risky Map Clicking: Biggest States A-Z
6
US States
7
Popular People in 1961
8
Movies - When Are They Set?
More Television Quizzes
Greatest 21st Century TV Shows - BBC Culture Poll
Quiz Lab
Trending Quizzes
Risky Map Clicking: Least Populous States A-Z
1-10 Letter G Words
1-10 Letter F Words
Risky Map Clicking: Next State Alphabetically
Risky Map Clicking: Biggest States A-Z
Recently Updated
Leaping Animals
pecheneg
Reality TV Shows (A-Z)
bhenderson79
Rickey Henderson's Hall of Fame Teammates
pecheneg
Champions League XIs: Arsenal
pecheneg
Quick Pick: Celebrities in WWE's Hall of Fame
aduchscher
A-Z Keypad Blitz II
pecheneg
Multiple Oscar Actors
pecheneg
Mystery Phrase Blitz: Oscar 'Best Actors'
pecheneg
F. Scott Fitzgerald Novels
LTH
Pick 3 Villains
ddd62291
Trending Topics
Crossword
Anime
Kpop
NBA
Marvel
Harry Potter
Disney
Soccer
Country
The Office
Song
Puzzle
WWE
NFL
Pokémon
Your Account Isn't Verified!
In order to create a playlist on Sporcle, you need to verify the email address you used during registration. Go to your
Sporcle Settings
to finish the process.
Report this User
Report this user for behavior that violates our
Community Guidelines
.
Details:
Send Report
Go to the Sporcle.com Mobile Site →
Comments